书目信息 |
| 题名: |
木工与家具
|
|
| 作者: | 窦永明 编 | |
| 分册: | ||
| 出版信息: | 昆明 云南人民出版社 1982.7 |
|
| 页数: | 148页 | |
| 开本: | 26cm | |
| 丛书名: | ||
| 单 册: | ||
| 中图分类: | TS654 | |
| 科图分类: | ||
| 主题词: | 木材加工 | |
| 电子资源: | ||
| ISBN: | ||
| 000 | 00468nam0 2200181 45 | |
| 001 | 0181011380 | |
| 005 | 20060413105840.53 | |
| 010 | @dCNY0.82 | |
| 100 | @a20810111d km y0chiy0120 ea | |
| 101 | 0 | @achi |
| 200 | 1 | @a木工与家具@Amu gong yu jia ju@f窦永明编@Fdou yong ming |
| 210 | @a昆明@c云南人民出版社@d1982.7 | |
| 215 | @a148页@d26cm | |
| 606 | 0 | @a木材加工 |
| 690 | @aTS654 | |
| 701 | 0 | @a窦永明@4编 |
| 801 | @aCN@bTSTC@c20060413 | |
| 905 | @dTS654@e21@f2@b99629-30 | |
| 木工与家具/窦永明编.-昆明:云南人民出版社,1982.7 |
| 148页;26cm |
| ISBN :CNY0.82 |
| ● |
| 相关链接 |
|
|
|
|
正题名:木工与家具
索取号:TS654/21
 
预约/预借
| 序号 | 登录号 | 条形码 | 馆藏地/架位号 | 状态 | 备注 |
| 1 | 0099629 | 202257814 | 密集书库/ [索取号:TS654/21] | 在馆 | |
| 2 | 0099630 | 202257477 | 密集书库/ [索取号:TS654/21] | 在馆 |